| 000 | 00731nam a2200205Ia 4500 | ||
|---|---|---|---|
| 003 | GCL | ||
| 008 | 140319s9999 xx 000 0 ara d | ||
| 040 |
_aGCL / _cGCL |
||
| 082 | 0 | 4 |
_a726.2 _bع ا |
| 100 | 1 | _aعصام الدين عبدالرؤوف حنفى | |
| 245 | 1 | 0 |
_aاتجاهات عمارة المساجد فى العصر الحديث / _cعصام الدين عبدالرؤوف حنفى |
| 260 |
_aالرياض : _bجامعة ام القرى ، _c2001 |
||
| 300 |
_a50 ص ؛ _c20 سم |
||
| 650 | 0 | 4 | _aالعمارة الاسلامية |
| 650 | 0 | 4 | _aالاثار الاسلامية |
| 650 | 0 | 4 | _aالحضارة الاسلامية |
| 650 | 0 | 4 | _aالماذن |
| 650 | 0 | 4 | _aالمساجد - عمارة |
| 942 |
_2ddc _cBK |
||
| 999 |
_c7153 _d7153 |
||